Statistics for "Un" Vocabulary Words

Click here to take the quiz!

General Stats

  • This quiz has been taken 11,189 times
  • The average score is 13 of 20

Answer Stats

DefinitionWord% Correct
To open a wine bottleUncork
91%
Like a zombieUndead
91%
SickUnwell
89%
Like a fetusUnborn
88%
RawUncooked
86%
A lieUntruth
84%
Like a spacecraft with no crewUnmanned
82%
Like an intern who receives
no compensation
Unpaid
79%
Not levelUneven
74%
What you can't do to a bellUnring
70%
To dig up from undergroundUnearth
66%
Like a detergent with no smellUnscented
63%
Not domesticatedUntamed
57%
To release a sail or flagUnfurl
55%
Like an island that does not
appear on maps
Uncharted
53%
To remove a knight from his mountUnhorse
51%
Like an error that is not caused
by one's opponent
Unforced
38%
Like a loan with no collateralUnsecured
30%
Like an object that is bulky and
awkward to handle
Unwieldy
28%
To untie a boat, or pull up its anchorUnmoor
25%

Score Distribution

Percentile by Number Answered

Percent of People with Each Score

Your Score History

You have not taken this quiz